000
00274nam a2200109Ia 4500
008
201231s9999 xx 000 0 und d
100
_a
Ireland, Bernard
245
0
_a
Jane's battle ships of the 20th Century
260
_a
London
_b
Harper Collins
300
_a
192
942
_c
BK
999
_c
9412
_d
9412